000 00659nam a2200229 a 4500
001 13883
003 BD-JhCC
005 20240511115145.0
008 240511b20002007b |||| ||a| 000 0 b d
020 _a98481601216
035 _a(BD-JhCC)13883
040 _aBD-JhCC
_dBD-JhCC
041 _aBengali
082 _a891.443
_bAMH 2007
100 _a আহমেদ, হুমায়ূন
245 _aআমিই মিসির আলি /
_cহুমায়ূন আহমেদ
260 _aঢাকা:
_bঅন্যপ্রকাশ;
_c2007.
300 _a95 p. :
_c22 cm.
650 _aBengali Novel
942 _2ddc
_cBK
999 _c13883
_d13883